| 000 | 00786cam a22002414a 4500 | ||
|---|---|---|---|
| 001 | 12157758 | ||
| 005 | 20180216070622.0 | ||
| 008 | 000828s2001 ilua b 001 0 eng | ||
| 010 | _a 00108376 | ||
| 020 | _a157517328X | ||
| 040 |
_aDLC _cDLC _dDLC |
||
| 041 | _aeng | ||
| 042 | _apcc | ||
| 080 | _a371.2011 mar | ||
| 082 | 0 | 0 |
_a371.2011 mar _222 |
| 100 | 1 | _a48 | |
| 101 | _aedu | ||
| 245 | 1 | 0 |
_aDesigning the school leader's portfolio / _cMary E. Dietz ; foreword by Linda Lambert. |
| 504 | _aIncludes bibliographical references (p. [95]-96) and index. | ||
| 906 |
_a7 _bcbc _corignew _d3 _eepcn _f20 _gy-gencatlg |
||
| 942 |
_2ddc _cBK |
||
| 999 |
_c42795 _d42795 |
||